000 00320nam a22001217a 4500
008 230620b xxu||||| |||| 00| 0 eng d
082 _a324.6
_bSAD
100 _cSADC
245 _aSADC PARLIAMENTARY FORUM
_bElection Observation Mission Zimbabwe 2000
260 _aZimbabwe
_bSADC
_c2000
300 _a56P
942 _2ddc
_cBK
999 _c1747
_d1747